Kanye West - On Sight (Lyrics Quiz) - Statistics

General Stats
  • This quiz has been taken 196 times
  • The average score is 134 of 231
Answer Stats
Hint Answer % Correct
A
98%
a
98%
I
96%
be
93%
Fuck
93%
fuck
93%
what
93%
We
89%
we
89%
no
88%
No
88%
on
88%
Chorus On
88%
it
86%
It
86%
Verse 1 Yeezy
83%
season
82%
up
82%
Give
81%
give
81%
sight
81%
you
81%
approachin'
78%
y'all
76%
the
75%
been
74%
Let
74%
to
74%
when
73%
in
72%
me
72%
need
72%
Not
72%
not
72%
now
72%
right
72%
Outro Right
72%
come
71%
whatever
71%
monster
70%
and
69%
And
69%
us
69%
show
68%
again
67%
do
66%
hearin
66%
like
66%
may
66%
alive
65%
about
64%
Bridge How
64%
want
64%
as
63%
much
63%
park
63%
this
63%
get
61%
bitch
60%
my
60%
shakin'
60%
Soon
59%
men
54%
Take
53%
he'll
52%
of
51%
pull
51%
wearing
51%
Benz
50%
dick
50%
'fore
50%
lock
50%
all
49%
number
49%
Parkinsons
49%
your
49%
hoes
48%
too
47%
house
46%
Interlude Oh
46%
she
46%
She
46%
Black
45%
know
44%
sin
44%
many
43%
chocolate
42%
Indian
42%
nigga
41%
back
40%
spouse
40%
Real
39%
Don't
36%
'em
35%
girl
35%
got
35%
her
35%
keep
35%
One
35%
hair
34%
last
34%
more
33%
sports
33%
Verse 2 Baby
32%
bouncin'
32%
couch
32%
tryna
31%
announcement
30%
Brown
30%
x4 huh
30%
Joe
30%
bra
29%
judge
29%
let's
29%
moccasins
28%
niggas
28%
nut
28%
wanna
28%
at
27%
than
27%
down
26%
Timbs
26%
top
26%
It's
25%
live
25%
mountain
25%
off
25%
both
24%
Everybody
24%
mouth
23%
Chopped
18%
put
18%
out
17%
Cochran
15%
Took
15%
Interlude Uh
15%
But
14%
fountain
14%
sip
14%
hah
10%
kicked
10%
That's
8%
David
7%
tried
7%
'Bleau
3%
Grutman
1%
No matching quizzes found
Score Distribution
Percent of People with Each Score
Percentile by Number Answered
Your Score History
You have not taken this quiz